The international handbook of market research techniques (Record no. 1751)

000 -LEADER
fixed length control field 00506nam a22001817a 4500
003 - CONTROL NUMBER IDENTIFIER
control field OSt
005 - DATE AND TIME OF LATEST TRANSACTION
control field 20150505130010.0
008 - FIXED-LENGTH DATA ELEMENTS--GENERAL INFORMATION
fixed length control field 150505b xxu||||| |||| 00| 0 eng d
020 ## - INTERNATIONAL STANDARD BOOK NUMBER
International Standard Book Number 9780749402006
050 ## - LIBRARY OF CONGRESS CALL NUMBER
Classification number HF 5415.2 .H284 1990
100 ## - MAIN ENTRY--PERSONAL NAME
Personal name Birn, Robin.
245 ## - TITLE STATEMENT
Title The international handbook of market research techniques
Statement of responsibility, etc Robin J Birn et al.
260 ## - PUBLICATION, DISTRIBUTION, ETC. (IMPRINT)
Place of publication, distribution, etc London
Name of publisher, distributor, etc Kogan Page Ltd.
Date of publication, distribution, etc 1990
300 ## - PHYSICAL DESCRIPTION
Extent 532p.
500 ## - GENERAL NOTE
General note includes index.
650 ## - SUBJECT ADDED ENTRY--TOPICAL TERM
Source of heading or term Market Research Society.
942 ## - ADDED ENTRY ELEMENTS (KOHA)
Source of classification or shelving scheme
Koha item type Book
Holdings
Withdrawn status Lost status Source of classification or shelving scheme Damaged status Not for loan Home library Current library Shelving location Date acquired Total Checkouts Full call number Barcode Date last seen Copy number Price effective from Koha item type
          Riara University Library Riara University Library General stack 05/05/2015   HF 5415.2 .H284 1990 5691/15 05/05/2015 C.1 05/05/2015 Book

Riara University Library,
P.O. Box 49940-00100,
Nairobi, Kenya.